00786 2200229 4500001002100000005001700021008004100038035002400079082001000103090002100113100001700134245020800151260002800359300002900387500005400416500003100470650001600501850000900517985000600526986000900532999001500541YOGYA-0209000007247620090227093627.0 ind  0010-020900000072476 a636.5 a636.5bSum PlSK aSUMARNA, Aan aPengaruh makanan yang disediakan oleh pabrik dengan makanan yang dibuat oleh peternak terhadap produksi dan pendapatan usaha ternak ayam ras petelur di Kecamatan Pandak Kabupaten Bantulcoleh Aan Sumarna aYogyakartab[s.n]c1993 aviii,102[24]lembarc30cm aSkripsi Fakultas Pertanian UPN Veteran Yogyakarta aBibliografi:lembar 103-104 aTernak ayam aBPAD a1 aheru a08A0036488